00842nam a22002417a 450000500170000001000130001702000100003003500130004003700160005304000120006908200130008110000290009424500640012326000520018727000410023930000260028050000210030665000580032765000360038594200220042199900190044395201380046220170124110119.0 aA-370508 c00.00 aA-370508 bCen Lib/Ret aDPLbEN a921bNEH aNehru, Jawaharlal930379 aJawaharlal Nehru :cby Jawaharlal Nehruban autobiography / aNew DelhibJawaharlal Nehru Memorial Fundc1988 aTeen, Murti HousebNew Delhie110001 axvi,623p. c20cm(Hb) aIncludes index  aIndia -- Politics and government -- 1919-19479104404 aPolitics and government9104405 2ddccENh921mNEH c130901d130901 00104070aLbLd2015-07-10eCen Lib/Ret g0.00l4m4o921 NEHpA-370508r2022-03-25 00:00:00s2022-02-03t1v0.00w2015-07-10yEN